000 00444nam a2200169 a 4500
001 0000-8955
003 ELIB.Books
008 110520 1981
035 _a(ELIB.Books)0000-9104
082 _a261
_bAna
100 _aAna, Julio De Santa
245 _aTowards a church of the poor
260 _bNew York: Orbis Books
_c1981
650 _aSocial Theology & Christianity
942 _2ddc
_cBK
998 _cbat
_e2011-05-20
999 _c8955
_d8955